Epigrafía latina

-д хадгалсан:
Номзүйн дэлгэрэнгүй
Үндсэн зохиолч: Calabi Limentani, Ida (Зохиогч)
Формат: Ном
Хэл сонгох:испани
Хэвлэсэн: Milán Cisalpino 1983
Нөхцлүүд:
Шошгууд: Шошго нэмэх
Шошго байхгүй, Энэхүү баримтыг шошголох эхний хүн болох!

MARC

LEADER 00000nam a2200000 a 4500
001 UCP8577
003 CL-VaPUC
008 000303e19830000IT |||||||||||||||||spa|d
082 0 4 |a 411.7  |b CAL  |2 21 
100 0 |a Calabi Limentani, Ida  |e author  |9 438625 
245 1 0 |a Epigrafía latina 
300 |a 541 p 
942 |c BK 
945 |d 20000303 00:00:00  |a rherrera 
260 |a Milán  |b Cisalpino  |c 1983 
650 0 |a Paleografía   |9 264942 
650 7 |a EPIGRAFIA  |2 CL-VaPUC  |9 340320 
650 0 |a Escritura  |9 264941 
650 0 |a Lengua latina  |9 347368 
583 |a last modification  |c 20000303 00:00:00  |k Rodrigo Vera 
999 |c 285469  |d 285467 
952 |0 0  |1 0  |4 0  |6 411_700000000000000_CAL_1983  |7 0  |8 A  |9 330112  |a BIBHIS  |b BIBHIS  |d 2019-11-20  |i 1392808  |o 411.7 CAL 1983  |p 1392808  |r 2025-01-20  |w 2019-11-20  |y BK  |k HIS